000 01323nam0a22002651 4500
001 rc\4045028
005 20260407105026.0
021 _aRU
_b[50-30431]
035 _a(NLR Aleph) 008102287
090 _a9252077
_c9252077
100 _a20130415d1950 |||y0rusy50 ca
101 0 _arus
102 _aRU
105 _ak z |||||
200 1 _aИнструкция по камеральной обработке материалов опорного бурения
_fМ-во нефт. пром-сти СССР. Всесоюз. нефт. науч.-исслед. геол.-развед. ин-т "ВНИГРИ"
210 _aЛенинград
_aМосква
_cГостоптехиздат
_d1950
_gТип. "Кр. печатник" в Л.
215 _a57 с., 1 л. форм.
_d20
606 _aГорные порода
_xКерновый анализ
_2psbo
606 _aБурение на нефть, разведочное
_xОбработка материалов, камеральная
_2psbo
712 0 2 _aВсесоюзный нефтяной научно-исследовательский геологоразведочный институт
_cЛенинград
_9367699
_3RU\NLR\AUTH\889936445
801 0 _aRU
_bNLR
_gpsbo
801 1 _aRU
_bELAR
_2rusmarc
852 _aNLR
_jГн02 Г-4/310
942 _cBOOK
980 _aNB